Геоэкономические императивы международного сотрудничества Российской Федерации в условиях глобальных вызовов (Запись № 12816806)

Подробности
000 -МАРКЕР
контрольное поле 02409nam1a2200349 i 4500
001 - ИДЕНТИФИКАТОР ЗАПИСИ
контрольное поле RU\NLR\BIBL_A\022124364
005 - ИДЕНТИФИКАТОР ВЕРСИИ
контрольное поле 20260503062503.0
010 ## - МЕЖДУНАРОДНЫЙ СТАНДАРТНЫЙ НОМЕР КНИГИ (ISBN)
Номер (ISBN) 9785604924655
035 ## - ДРУГИЕ СИСТЕМНЫЕ НОМЕРА
Идентификатор записи (NLR Aleph) 022124364
100 ## - ДАННЫЕ ОБЩЕЙ ОБРАБОТКИ
Данные общей обработки 20240202g20229999k y0rusy50 ca
101 0# - ЯЗЫК РЕСУРСА
Язык текста, звукозаписи и т.д. русский
102 ## - СТРАНА ПУБЛИКАЦИИ ИЛИ ПРОИЗВОДСТВА
Страна публикации Российская Федерация
105 ## - ПОЛЕ КОДИРОВАННЫХ ДАННЫХ: ТЕКСТОВЫЕ МАТЕРИАЛЫ, МОНОГРАФИЧЕСКИЕ
Кодированные данные о монографическом текстовом документе z
181 #0 - ПОЛЕ КОДИРОВАННЫХ ДАННЫХ: ВИД СОДЕРЖАНИЯ
Код вида содержания (ISBD) i
Код характеристики содержания (ISBD) axxe
182 #0 - ПОЛЕ КОДИРОВАННЫХ ДАННЫХ: ТИП СРЕДСТВА
Код типа средства (ISBD) n - непосредственное
200 1# - ЗАГЛАВИЕ И СВЕДЕНИЯ ОБ ОТВЕТСТВЕННОСТИ
Основное заглавие Геоэкономические императивы международного сотрудничества Российской Федерации в условиях глобальных вызовов
Сведения, относящиеся к заглавию монография
-- в 2-х ч.
Первые сведения об ответственности Адаманова Зейнеб Османовна, доктор экономических наук, профессор, Абдулгазис Венера Сеяровна, Зиятдинова Нияра Раетовна, кандидаты экономических наук, доценты [и др.]
Последующие сведения об ответственности под общ. ред. З. О. Адамановой
-- Министерство образования, науки и молодежи Республики Крым, Государственное бюджетное образовательное учреждение высшего образования Республики Крым "Крымский инженерно-педагогический университет имени Февзи Якубова"
203 ## - ВИД СОДЕРЖАНИЯ И ТИП СРЕДСТВА
Вид содержания Текст
Дополнительные сведения об издании визуальный
Тип средства непосредственный
210 ## - ПУБЛИКАЦИЯ, РАСПРОСТРАНЕНИЕ И ДР.
Место издания, распространения и т.д. Симферополь
Имя издателя, распространителя и т. д. Хотеева Л. В.
Дата издания, распространения и т.д. 2022-
215 ## - ФИЗИЧЕСКАЯ ХАРАКТЕРИСТИКА
Размеры 21
300 ## - ОБЩИЕ ПРИМЕЧАНИЯ
Текст примечания Авт. указаны на обороте тит. с.
607 ## - ГЕОГРАФИЧЕСКОЕ НАИМЕНОВАНИЕ КАК ПРЕДМЕТ
Географическое наименование Российская Федерация
Тематический подзаголовок Экономические взаимоотношения
Системный номер авторитетной/нормативной записи 2071077
Идентификатор авторитетной/нормативной записи RU\NLR\AUTH\661245821
686 1# - ИНДЕКСЫ ДРУГИХ КЛАССИФИКАЦИЙ
Индекс У9(2)8(2Р)
701 #1 - ИМЯ ЛИЦА - АЛЬТЕРНАТИВНАЯ ОТВЕТСТВЕННОСТЬ
Графика поля Кириллица
Материалы, к которым относится поле rus
Начальный элемент ввода Адаманова
Часть имени, кроме начального элемента ввода З. О.
Расширение инициалов личного имени Зейнеб Османовна
Системный номер авторитетной/нормативной записи 216338
Идентификатор авторитетной/нормативной записи RU\NLR\AUTH\770216394
701 #1 - ИМЯ ЛИЦА - АЛЬТЕРНАТИВНАЯ ОТВЕТСТВЕННОСТЬ
Начальный элемент ввода Абдулгазис
Часть имени, кроме начального элемента ввода В. С.
Расширение инициалов личного имени Венера Сеяровна
701 #1 - ИМЯ ЛИЦА - АЛЬТЕРНАТИВНАЯ ОТВЕТСТВЕННОСТЬ
Начальный элемент ввода Зиятдинова
Часть имени, кроме начального элемента ввода Н. Р.
Расширение инициалов личного имени Нияра Раетовна
712 02 - НАИМЕНОВАНИЕ ОРГАНИЗАЦИИ - ВТОРИЧНАЯ ОТВЕТСТВЕННОСТЬ
Код отношения Прочие
Начальный элемент ввода Крымский инженерно-педагогический университет им. Ф. Якубова
Идентифицирующий признак Симферополь
Идентификатор авторитетной/нормативной записи RU\NLR\AUTH\880521272
Системный номер авторитетной/нормативной записи 703387
852 ## - МЕСТОНАХОЖДЕНИЕ И ШИФР ХРАНЕНИЯ
Идентификатор организации NLR
Шифр хранения (Call Number) 2024-3/2025
942 ## - ДОПОЛНИТЕЛЬНЫЕ ЭЛЕМЕНТЫ ЗАПИСИ (АБИС)
Тип экземпляра АБИС Книга

Нет доступных экземпляров.